000 00701nam a22001697a 4500
005 20251108164756.0
008 250721s1992 xx 000 0 ara d
082 1 4 _a616.07/فيل
100 1 _aعطية، فيليب
245 1 0 _aأمراض الفقر :
_bالمشكلات الصحية في العالم الثالث /
264 1 _aالكويت :
_bالمجلس الوطني للثقافة و الفنون و الأداب،
_c1992.
300 _a318ص
490 0 _aعالم المعرفة : سلسلة كتب ثقافية شهرية يصدرها المجلس الوطني للثقافة و الفنون و الأداب ؛ 161
650 1 7 _aالأمراض
942 _2ddc
_cBK
999 _c14069
_d14069